Statistics for Země podle částečného satelitního obrazu #1

Click here to take the quiz!

General Stats

  • This quiz has been taken 108 times
  • The average score is 8 of 15

Answer Stats

Answer% Correct
Itálie
99%
Řecko
84%
Turecko
77%
Kypr
74%
Francie
72%
Kuba
66%
Rusko
61%
Filipíny
57%
Kanada
52%
Madagaskar
47%
Indonésie
45%
Německo
39%
Tchaj-wan
22%
Irák
17%
Panama
16%

Score Distribution

Percentile by Number Answered

Percent of People with Each Score

Your Score History

You have not taken this quiz